000 00313nam a22001337a 4500
008 180810b xxu||||| |||| 00| 0 eng d
020 _a9780471588276
041 _aeng
080 _a615.9
100 _a7
101 _aPED
245 _aTRANSCATHETER THERAPY PEDIATRIC CARDIOLOGY
_cRAO.P.S
942 _2udc
_cBK
999 _c46998
_d46998